[Event "19th Belgrade Trophy"]
[Site "Belgrade SRB"]
[Date "2006.11.26"]
[Round "5"]
[White "Radivojevic,Mila"]
[Black "Nesovanovic,M"]
[Result "1-0"]
[WhiteElo "2180"]
[BlackElo "1974"]

1.e4 c5 2.Nf3 Nc6 3.Nc3 e6 4.d4 cxd4 5.Nxd4 a6 6.Be3 Bb4 7.Nxc6 bxc6 8.Qd4 Bf8
9.Bc4 d5 10.exd5 cxd5 11.Nxd5 exd5 12.Bxd5 Bd7 13.Qe4+ Be7 14.Bxa8 Nf6 15.Qf3 O-O
16.Bb7 Bb5 17.a4 Bc4 18.Bd2 Bb4 19.O-O-O Qa5 20.b3 Be6 21.h3 Qc5 22.Be3 Qa5
23.g4 Bc3 24.Qc6 Qb4 25.Bc5 Qf4+ 26.Kb1 Re8 27.Bd6 Be5 28.Bxe5 Qxe5 29.Rhe1 Qb8
30.g5 Nh5 31.Rd6 Nf4 32.Red1 Rf8 33.Qb6 g6 34.h4 a5 35.Rd8 Qe5 36.Qd6 Qxd6
37.R1xd6 Nh3 38.Rxf8+ Kxf8 39.Ra6 Nxf2 40.Rxa5 Nd1 41.Rc5  1-0

[Event "19th Belgrade Trophy"]
[Site "Belgrade SRB"]
[Date "2006.11.26"]
[Round "5"]
[White "Stojanovic,Da"]
[Black "Krstic,P"]
[Result "1-0"]
[WhiteElo "2469"]
[BlackElo "2205"]

1.e4 c5 2.Nf3 e6 3.d4 cxd4 4.Nxd4 Nc6 5.Nc3 Qc7 6.Be3 a6 7.Qd2 Nf6 8.O-O-O Bb4
9.f3 Ne5 10.Nb3 b5 11.Kb1 Nc4 12.Bxc4 bxc4 13.Nc1 Rb8 14.N1e2 O-O 15.Bf4 e5
16.Bg5 Ne8 17.Qe1 Ba3 18.b3 f6 19.Bc1 Bc5 20.Nd5 Qa7 21.Nec3 Nc7 22.Nxc7 Qxc7
23.Nd5 Qa7 24.Be3 a5 25.Qc3 Bxe3 26.Qxe3 Qxe3 27.Nxe3 cxb3 28.cxb3 a4 29.Kb2 axb3
30.axb3 g6 31.g4 Kf7 32.Rd6 Ke7 33.Rhd1 Rd8 34.Nc4 Bb7 35.g5 f5 36.exf5 Bxf3
37.f6+ Kf8 38.R1d3 Bg2 39.Nxe5  1-0

[Event "73rd ch-BRA"]
[Site "Guarulhos BRA"]
[Date "2006.11.26"]
[Round "4"]
[White "Van Riemsdijk,H"]
[Black "El Debs,F"]
[Result "1/2-1/2"]
[WhiteElo "2381"]
[BlackElo "2325"]

1.e4 c5 2.Nf3 e6 3.d4 cxd4 4.Nxd4 Nc6 5.Nc3 Qc7 6.g3 a6 7.Bg2 Nf6 8.O-O Nxd4
9.Qxd4 Bc5 10.Bf4 d6 11.Qd2 h6 12.Rad1 e5 13.Be3 Be6 14.Bxc5 dxc5 15.Nd5 Bxd5
16.exd5 Qd6 17.f4 O-O 18.fxe5 Qxe5 19.d6 Qxb2 20.c4 Qxd2 21.Rxd2 Rab8 22.a4 Rfd8
23.Rb1 Nd7 24.Rxb7 Rxb7 25.Bxb7 Ne5 26.Rd5 Nxc4 27.Bxa6 Nxd6 28.a5 Kf8 29.Bf1 Nb7
30.Rxd8+ Nxd8 31.Bg2 Ne6 32.a6 Nc7 33.a7 Ke7 34.Kf2 f5 35.Ke3 c4 36.a8=Q Nxa8
37.Bxa8 g5 38.Kd4 Kf6 39.Bf3 c3 40.Bd1 h5 41.Kxc3 Kg6 42.Kd4 f4 43.Ke5 fxg3
44.hxg3 g4 45.Kf4  1/2-1/2

[Event "Capablanca mem Open"]
[Site "Havana CUB"]
[Date "2006.11.26"]
[Round "6"]
[White "Landenbergue,C"]
[Black "Corrales,Fi"]
[Result "0-1"]
[WhiteElo "2446"]
[BlackElo "2496"]

1.e4 c5 2.Nf3 Nc6 3.Nc3 e6 4.d4 cxd4 5.Nxd4 Nf6 6.Ndb5 d6 7.Bf4 e5 8.Bg5 a6
9.Na3 b5 10.Nd5 Qa5+ 11.Bd2 Qd8 12.Bg5 Be7 13.Bxf6 Bxf6 14.c3 O-O 15.Nc2 Rb8
16.Be2 Bg5 17.O-O g6 18.Ncb4 Nxb4 19.Nxb4 Qd7 20.Qd3 f5 21.Rad1 a5 22.Qd5+ Kh8
23.Nc6 Rb6 24.Nxe5 Qc7 25.Nf3 Bb7 26.Qb3 Bf6 27.exf5 b4 28.cxb4 Rxb4 29.Qd3 Be4
30.Qe3 Bxf5 31.Nd4 Rxb2 32.a4 Qc5 33.Nxf5 gxf5 34.Qf3 Be5 35.Rc1 Qd4 36.Rc7 Qg4
37.Rc4 Qxf3 38.Bxf3 Kg7 39.Rd1 Rfb8 40.g3 R8b4 41.Bd5 Rxc4 42.Bxc4 f4 43.gxf4 Bxf4
44.Bd3 h6 45.h3 Kf6 46.Kg2 Be3 47.Kf3 Bc5 48.Be2 Ra2 49.Bb5 Rxf2+ 50.Ke4 Rh2
51.Rf1+ Ke7 52.Rf3 Rd2 53.Bd3 Ke6 54.Kf4 Kd5 55.Bb5 Bd4 56.Rb3 Rf2+ 57.Kg4 Bc5
58.Rf3 Rg2+ 59.Kh5 Ke4 60.Rf6 Rg3 61.h4 d5 62.Rxh6 d4 63.Re6+ Kd5 64.Re1 d3
65.Rd1 Ke4 66.Kh6 d2 67.h5 Rg1 68.Rxg1 Bxg1 69.Be2 Ke3 70.Bg4 Kf2 71.Kg6 Ke1
72.h6 d1=Q 73.Bxd1 Kxd1 74.Kf5 Kc2 75.Ke4 Kc3 76.h7 Bd4 77.Kd5 Kd3  0-1

[Event "75th ch-UKR m"]
[Site "Poltava UKR"]
[Date "2006.11.26"]
[Round "2.1"]
[White "Baklan,V"]
[Black "Timoshenko,G"]
[Result "1/2-1/2"]
[WhiteElo "2622"]
[BlackElo "2550"]

1.e4 c5 2.Nf3 Nc6 3.Nc3 e6 4.d4 cxd4 5.Nxd4 Nf6 6.g3 Qb6 7.Nb3 Bb4 8.Bg2 d5
9.O-O Bxc3 10.exd5 Nxd5 11.bxc3 O-O 12.c4 Nde7 13.c5 Qd8 14.Bb2 Bd7 15.Qh5 Qc7
16.Rad1 Rad8 17.Rd6 Bc8 18.Rfd1 Nf5 19.Rxd8 Rxd8 20.Be4 Rxd1+ 21.Qxd1 f6
22.g4 Nfe7 23.Qd6 Qd7 24.f4 h6 25.h3 Kf7 26.Nd2 Qxd6 27.cxd6 Nd5 28.f5 Nb6
29.Kf2 Na4 30.fxe6+ Bxe6 31.Ba3 Nc3 32.Bxc6  1/2-1/2

[Event "Capablanca mem Open"]
[Site "Havana CUB"]
[Date "2006.11.27"]
[Round "7"]
[White "Linares Napoles,O"]
[Black "Hernandez,T"]
[Result "1-0"]
[WhiteElo "2199"]
[BlackElo "2201"]

1.e4 c5 2.Nf3 e6 3.Nc3 Nc6 4.d4 cxd4 5.Nxd4 Nf6 6.Nxc6 bxc6 7.e5 Nd5 8.Ne4 Qc7
9.f4 Qa5+ 10.c3 Ba6 11.Qf3 Bxf1 12.Rxf1 f5 13.Nd2 Be7 14.Nc4 Qb5 15.Qe2 O-O
16.Be3 Rfb8 17.Rf3 a5 18.Rd1 a4 19.Bc1 a3 20.b3 Ra7 21.Rh3 g6 22.Qf2 Qc5
23.Be3 Nxe3 24.Rxe3 Kf7 25.Kf1 Rab7 26.Qe2 Rg8 27.Red3 Qa7 28.R1d2 Rd8 29.Rh3 h5
30.Rxh5 gxh5 31.Qxh5+ Kf8 32.Qh8+ Kf7 33.Qh7+ Kf8 34.Rd3 d5 35.Qh8+ Kf7 36.Qh5+ Kf8
37.Rh3 Bh4 38.Qxh4 Ke8 39.Nd6+ Rxd6 40.Qh8+ Kf7 41.Qf6+  1-0

[Event "75th ch-UKR m"]
[Site "Poltava UKR"]
[Date "2006.11.27"]
[Round "2.2"]
[White "Efimenko,Z"]
[Black "Goloshchapov,A"]
[Result "1-0"]
[WhiteElo "2612"]
[BlackElo "2552"]

1.e4 c5 2.Nf3 e6 3.d4 cxd4 4.Nxd4 Nc6 5.Nc3 Qc7 6.Be2 a6 7.O-O Nf6 8.Be3 Be7
9.f4 d6 10.Kh1 O-O 11.Qe1 Nxd4 12.Bxd4 b5 13.a3 Bb7 14.Qg3 Rad8 15.Bd3 Ne8
16.Qh3 h6 17.f5 e5 18.Be3 Bf6 19.Rf3 Qe7 20.Rg3 Kh7 21.Qh5 Rh8 22.a4 b4 23.Bc4 Kg8
24.Nd5 Bxd5 25.Bxd5 Bg5 26.Bb6 Rb8 27.a5 Nf6 28.Qd1 h5 29.Ra4 Bf4 30.Rh3 Ng4
31.Qe2 Qg5 32.Rxb4 h4 33.Rbb3 Rh6 34.Bg1 Rxb3 35.cxb3 Nf6 36.Qxa6 Bxh2 37.Bxh2 Qc1+
38.Bg1 Nh5 39.Rf3 Ng3+ 40.Kh2 Qg5 41.Be3  1-0

[Event "29th ch-GRE w"]
[Site "Athens GRE"]
[Date "2006.11.28"]
[Round "4"]
[White "Fakhiridou,E"]
[Black "Botsari,A"]
[Result "1/2-1/2"]
[WhiteElo "2285"]
[BlackElo "2351"]

1.e4 c5 2.Nf3 e6 3.d4 cxd4 4.Nxd4 Nc6 5.Nc3 a6 6.Be2 Qc7 7.Be3 Nf6 8.O-O Bb4
9.Na4 Be7 10.Nxc6 bxc6  1/2-1/2

[Event "19th Belgrade Trophy"]
[Site "Belgrade SRB"]
[Date "2006.11.28"]
[Round "7"]
[White "Popovic,Al"]
[Black "Kolbert,E"]
[Result "0-1"]
[WhiteElo "2045"]
[BlackElo "2153"]

1.e4 e6 2.Nf3 c5 3.d4 cxd4 4.Nxd4 Nc6 5.Nc3 Nf6 6.Ndb5 d6 7.a4 a6 8.Na3 d5
9.exd5 exd5 10.Be2 Be7 11.O-O O-O 12.Bg5 Bf5 13.Bf3 d4 14.Ne2 Bc5 15.Ng3 Bg6
16.Nc4 h6 17.Bh4 Rc8 18.Ne4 Be7 19.Bxf6 Bxf6 20.Ned6 Rc7 21.Nxb7 Rxb7 22.Bxc6 Rc7
23.Na5 Qd6 24.Qe2 Rxc6 25.Nxc6 Qxc6 26.c3 Re8 27.Qg4 dxc3 28.bxc3 Re4 29.Qd1 Rc4
30.Ra2 Bxc3 31.Qd8+ Kh7 32.Re2 Rd4 33.Qf8 Bd3  0-1

[Event "19th Belgrade Trophy"]
[Site "Belgrade SRB"]
[Date "2006.11.28"]
[Round "7"]
[White "Hardarson,R"]
[Black "Vratonjic,S"]
[Result "0-1"]
[WhiteElo "2310"]
[BlackElo "2467"]

1.e4 c5 2.Nf3 e6 3.d4 cxd4 4.Nxd4 Nc6 5.Nc3 Qc7 6.Be2 Nf6 7.O-O Be7 8.Be3 O-O
9.f4 d6 10.Qe1 Nxd4 11.Bxd4 e5 12.fxe5 dxe5 13.Qg3 Bc5 14.Bxc5 Qxc5+ 15.Kh1 Kh8
16.Qh4 Ng8 17.Qf2 Qb4 18.Rab1 Be6 19.a3 Qa5 20.Rbd1 Rac8 21.Bf3 Qc5 22.Rd2 Nf6
23.Qxc5 Rxc5 24.Nd1 Rfc8 25.Ne3 h5 26.h3 g6 27.Rfd1 Kg7 28.c3 a5 29.Rd8 Rxd8
30.Rxd8 a4 31.h4 Nd7 32.Be2 Nf6 33.Bf3 Rb5 34.Rd2 Kf8 35.Kg1 Ke7 36.Kf2 Rc5
37.Nc2 Ne8 38.Ne3 Nd6 39.g3 Ne8 40.Bd1 Nf6 41.Bf3 Bd7 42.c4 Bc6 43.Nd5+ Bxd5
44.cxd5 Ne8 45.Bd1 Nd6 46.Ke3 Nc4+  0-1

[Event "73rd ch-BRA"]
[Site "Guarulhos BRA"]
[Date "2006.11.28"]
[Round "6"]
[White "Fier,A"]
[Black "El Debs,F"]
[Result "1/2-1/2"]
[WhiteElo "2490"]
[BlackElo "2325"]

1.e4 c5 2.Nf3 e6 3.d4 cxd4 4.Nxd4 Nc6 5.Nc3 Qc7 6.Be3 Nf6 7.f4 Nxd4 8.Qxd4 Ng4
9.Nb5 Qb8 10.Bd2 a6 11.Nc3 Qd6 12.Qxd6 Bxd6 13.Be2 Nh6 14.Be3 f6 15.O-O-O Nf7
16.Rd3 b5 17.Rhd1 Bc7 18.a3 d6 19.Bf3 Bb7 20.R3d2 Rc8 21.f5 exf5 22.exf5 Bxf3
23.gxf3 Ba5 24.Bd4 Nh6 25.b4 Bc7 26.Nd5 Nxf5 27.Nxc7+ Rxc7 28.Bc5 Kf7 29.Bxd6 Rc3
30.Kb2 Rxf3 31.Bc5 Re8 32.Rd7+ Kg6 33.Ra7 Re6 34.Rg1+ Kh5 35.Bf8 Rf2 36.Bxg7 Rc6
37.Kb1 h6 38.Rd7 Nxg7 39.Rgxg7 Rcxc2 40.Rd5+ f5  1/2-1/2

[Event "66th ch-ITA"]
[Site "Cremona ITA"]
[Date "2006.11.29"]
[Round "7"]
[White "Brunello,S"]
[Black "Bruno,Fabi"]
[Result "1/2-1/2"]
[WhiteElo "2460"]
[BlackElo "2408"]

1.e4 c5 2.Nf3 e6 3.d4 cxd4 4.Nxd4 Nc6 5.Nc3 Qc7 6.Be3 a6 7.Qd2 Nf6 8.O-O-O Be7
9.f3 O-O 10.g4 b5 11.g5 Ne8 12.Nxc6 Qxc6 13.h4 Bb4 14.Qd4 Qd6 15.a4 Qxd4
16.Bxd4 d6 17.axb5 axb5 18.Bxb5 e5 19.Be3 Nc7 20.Be2 Be6 21.Nb1 Rfc8 22.c3 Bb3
23.Rdg1 d5 24.cxb4 d4 25.Bxd4 exd4 26.Kd2 Ra2 27.Rc1 Rxb2+ 28.Ke1 Ra8 29.Nd2 Ne6
30.Nxb3 Rxb3 31.Kf2 Rxb4 32.Ra1 Rab8 33.Rhd1 Rb2 34.Ke1 g6 35.Rd2 Rxd2 36.Kxd2 Rb2+
37.Ke1 Nf4 38.Bf1 Rh2 39.Rd1 d3 40.Bxd3 Rxh4 41.Kf2 Rh5 42.Bc4 Nh3+ 43.Kg2 Nxg5
44.Rd8+ Kg7 45.Rd7 Kf8 46.f4 Nxe4 47.Rxf7+ Ke8 48.Ra7 Rh4 49.Bd3 Nf6 50.Kg3 Rh1
51.Be2 Rc1 52.Bf3 Rc5 53.Rb7 Kf8 54.Ra7 Kg8 55.Rb7 Rc3 56.Kg2 h5 57.Rb5 Rd3
58.Rg5 Kf7 59.f5 gxf5 60.Rxf5 Kg6 61.Re5 Rc3 62.Be4+ Kh6 63.Bf5 Kg5 64.Be6+ Kh4
65.Re2 Rg3+ 66.Kh2 Rf3 67.Ra2 Rf4 68.Bh3 Nh7 69.Bg2 Ng5 70.Ra3 Kg4 71.Bh3+ Nxh3
72.Rg3+  1/2-1/2

[Event "ch-ESP Abierto"]
[Site "Leon ESP"]
[Date "2006.11.29"]
[Round "8"]
[White "Llaneza Vega,M"]
[Black "Vehi Bach,V"]
[Result "1-0"]
[WhiteElo "2381"]
[BlackElo "2329"]

1.e4 c5 2.Nf3 e6 3.d4 cxd4 4.Nxd4 Nc6 5.Nc3 Qc7 6.Be3 a6 7.Qd2 Nf6 8.O-O-O Bb4
9.f3 Ne5 10.Nb3 b5 11.Kb1 Nc4 12.Bxc4 bxc4 13.Nd4 Rb8 14.Ka1 d6 15.Nde2 O-O
16.h4 e5 17.h5 Be6 18.Bg5 Ne8 19.f4 f6 20.f5 fxg5 21.fxe6 h6 22.Rhf1 Rxf1
23.Rxf1 Nf6 24.Nd5 Bxd2 25.Nxc7 Ba5 26.Nd5 Rf8 27.Ng3 Nxd5 28.Rxf8+ Kxf8
29.exd5 Bb4 30.c3  1-0

[Event "Polyarniy Krug"]
[Site "Salekhard RUS"]
[Date "2006.11.29"]
[Round "1"]
[White "Solomko,V"]
[Black "Bocharov,D"]
[Result "0-1"]
[WhiteElo "1736"]
[BlackElo "2577"]

1.e4 c5 2.Nf3 e6 3.d4 cxd4 4.Nxd4 Nc6 5.Nc3 a6 6.Be2 Nf6 7.O-O Qc7 8.Be3 Be7
9.Nxc6 bxc6 10.Qd2 d5 11.exd5 cxd5 12.Bf3 O-O 13.Rfe1 Bb7 14.Bg5 Rfd8 15.Qe2 Rab8
16.Rad1 d4 17.Bxf6 Bxf6 18.Ne4 Be7 19.Ng3 Bxf3 20.Qxf3 Rxb2 21.Ra1 Rxc2 22.Ne4 h6
23.Qd3 Qc4 24.Qxc4 Rxc4 25.Rac1 Rdc8 26.Rxc4 Rxc4 27.Rd1 f5  0-1

[Event "29th ch-GRE w"]
[Site "Athens GRE"]
[Date "2006.11.30"]
[Round "6"]
[White "Makropoulou,M"]
[Black "Botsari,A"]
[Result "1/2-1/2"]
[WhiteElo "2313"]
[BlackElo "2351"]

1.e4 c5 2.Nf3 e6 3.d4 cxd4 4.Nxd4 Nc6 5.Nc3 a6 6.Nxc6 bxc6 7.Bd3 d5 8.O-O Qc7
9.Re1 Bb7 10.Qf3 d4 11.Bf4 Qb6 12.Na4 Qa5 13.b3 Nf6 14.Nb2 Qh5 15.Qg3 Qc5
16.Nc4 Nh5 17.Nd6+ Qxd6 18.Bxd6 Nxg3 19.Bxg3 O-O-O  1/2-1/2

[Event "Polyarniy Krug"]
[Site "Salekhard RUS"]
[Date "2006.11.30"]
[Round "2"]
[White "Savitskaya,N"]
[Black "Ovod,E"]
[Result "1-0"]
[WhiteElo "1932"]
[BlackElo "2407"]

1.e4 c5 2.Nf3 e6 3.d4 cxd4 4.Nxd4 Nc6 5.Nc3 Qc7 6.Be2 a6 7.O-O Nf6 8.Be3 Be7
9.f4 d6 10.Nb3 b5 11.Bf3 Bb7 12.Qe1 O-O 13.g4 Nd7 14.Qf2 Rac8 15.g5 Rfe8
16.h4 Bf8 17.h5 Ne7 18.a3 g6 19.Rad1 Bg7 20.Nd4 Qb8 21.Bg4 Rxc3 22.bxc3 Nc5
23.hxg6 hxg6 24.Nxe6 Nxe4 25.Qh4 Nd5 26.Rxd5 fxe6 27.f5 exf5 28.Bxf5 gxf5
29.Rdxf5 d5 30.R1f3 Qd6 31.Rf7 Re7 32.Qh5 Ng3 33.Rxg7+ Rxg7 34.Qe8+ Kh7 35.Rf6 Bc6
36.g6+  1-0

[Event "XV Asiad Men's Rapid"]
[Site "Doha QAT"]
[Date "2006.12.02"]
[Round "1"]
[White "Kojima,S"]
[Black "Al Modiahki,M"]
[Result "0-1"]
[WhiteElo "2187"]
[BlackElo "2550"]

1.e4 c5 2.Nf3 e6 3.d4 cxd4 4.Nxd4 Nc6 5.Nc3 Qc7 6.Be3 a6 7.Qd2 Nf6 8.O-O-O Bb4
9.f3 Ne7 10.Nde2 b5 11.a3 Ba5 12.g4 d5 13.g5 Nd7 14.Bf4 Qa7 15.b4 Bb6 16.exd5 e5
17.Kb2 exf4 18.d6 Be3 19.Qd3 Ne5 20.Qe4 Nc4+ 21.Ka1 Nxd6 22.Rxd6 O-O 23.Nxf4 Bf5
24.Qe5 f6 25.gxf6 gxf6 26.Rxf6 Rxf6 27.Qxf6 Bxf4 28.Bd3 Rf8 29.Qh4 Ng6 30.Qh5 Bxd3
31.Qd5+ Qf7 32.cxd3 Be5 33.Qxf7+ Rxf7 34.Kb2 Rxf3 35.Kc2 Rf2+ 36.Kb3 Nf4
37.Rd1 Ne6 38.a4 Nd4+ 39.Ka3 Rxh2 40.Ne4 Nc6 41.Nc5 Bb2+ 42.Ka2 Bd4+ 43.Ka3 Bb2+
44.Ka2 Nxb4+ 45.Kb3 Nd5 46.Rg1+ Kf7 47.Nxa6 bxa4+ 48.Kxa4 Bd4 49.Rg4 Be3
50.Kb5 h5 51.Rg3 h4 52.Rf3+ Ke6 53.Kc4 Rc2+ 54.Kb3 Rc6 55.Rh3 Bg5 56.Nb4 Rb6  0-1

[Event "73rd ch-BRA"]
[Site "Guarulhos BRA"]
[Date "2006.12.02"]
[Round "10"]
[White "Diamant,A"]
[Black "El Debs,F"]
[Result "0-1"]
[WhiteElo "2396"]
[BlackElo "2325"]

1.e4 c5 2.Nf3 e6 3.d4 cxd4 4.Nxd4 Nc6 5.Nc3 Qc7 6.Be2 a6 7.O-O Nf6 8.Be3 Bb4
9.Na4 Be7 10.Nxc6 bxc6 11.Nb6 Rb8 12.Nxc8 Qxc8 13.e5 Nd5 14.Bc1 Bc5 15.c4 Ne7
16.b3 Qc7 17.Bb2 d6 18.exd6 Bxd6 19.g3 Be5 20.Bxe5 Qxe5 21.Bd3 Rd8 22.Qf3 c5
23.Rad1 Qc7 24.Rfe1 O-O 25.Qh5 g6 26.Qe5 Qxe5 27.Rxe5 Rd4 28.Kf1 Rfd8 29.Ke2 Nc6
30.Re3 e5 31.Rc1 f5 32.Bb1 e4 33.h3 Ne5 34.Rec3 Rd2+ 35.Ke3 Kg7 36.a3 a5
37.Bc2 Kf6 38.Rb1 g5 39.b4 Nf3 40.Bxe4 fxe4 41.Kxe4 Nd4  0-1

[Event "90th ch-Marshall CC"]
[Site "New York USA"]
[Date "2006.12.02"]
[Round "3"]
[White "Sena,J"]
[Black "Sarkar,J"]
[Result "0-1"]
[WhiteElo "2187"]
[BlackElo "2380"]

1.e4 c5 2.Nf3 e6 3.d4 cxd4 4.Nxd4 Nc6 5.Nc3 Qc7 6.Be2 a6 7.O-O Nf6 8.Be3 Bb4
9.Na4 Nxe4 10.Nxc6 Qxc6 11.Nb6 Rb8 12.Qd4 Bc5 13.Qxg7 Rf8 14.Bxc5 Qxc5 15.Nxc8 Rxc8
16.Bd3 d5 17.Qxh7 Qd4 18.Qh6 Qxb2 19.Rab1 Qe5 20.Qe3 Rh8 21.h3 Rc7 22.Rfe1 f5
23.Qa7 Qc3 24.Re3 Qd2 25.Bxe4 dxe4 26.Rxb7 Qd1+ 27.Kh2 Qd6+ 28.g3 Rhh7 29.Qa8+ Ke7
30.Reb3 Kf6 31.Rxc7 Qxc7 32.Qf8+ Ke5 33.c3 Qd6 34.Qxd6+ Kxd6 35.Rb6+ Ke5
36.Rxa6 Rd7 37.Ra5+ Kf6 38.h4 Rd2 39.Kg1 Rc2 40.a4 Rxc3 41.Ra7 Ra3 42.a5 Ra1+
43.Kg2 Ra2 44.Kf1 e5 45.Ra8 f4 46.a6 Ra1+ 47.Kg2 f3+ 48.Kh3 e3 49.fxe3 Kf7
50.Ra7+ Ke6  0-1

[Event "Polyarniy Krug"]
[Site "Salekhard RUS"]
[Date "2006.12.02"]
[Round "4"]
[White "Gutenev,A"]
[Black "Temirbaev,S"]
[Result "1/2-1/2"]
[WhiteElo "2256"]
[BlackElo "2490"]

1.e4 c5 2.Nf3 e6 3.d4 cxd4 4.Nxd4 Nc6 5.Nc3 Nf6 6.Ndb5 Bb4 7.a3 Bxc3+ 8.Nxc3 d5
9.exd5 exd5 10.Bd3 O-O 11.O-O d4 12.Ne2 Qd5 13.Nf4 Qd6 14.Nh5 Ng4 15.Bf4 Qd8
16.Ng3 Nf6 17.Re1 Be6 18.h3 Re8 19.Ne4 Bf5 20.Nd6 Rxe1+ 21.Qxe1 Bxd3 22.cxd3 Qd7
23.Qe2 Nd5 24.Bg3 h6 25.Re1 Rf8 26.Qd1 Nb6 27.b4 Nc8 28.Nc4 a6 29.Qb3 Re8
30.Rxe8+ Qxe8 31.b5 axb5 32.Qxb5 Qe7 33.Kh2 g6 34.Qd5 Qe6 35.Qb5 Qe7 36.Qd5 Qe6
37.Qb5 Qe7  1/2-1/2

[Event "XV Asiad Men's Rapid"]
[Site "Doha QAT"]
[Date "2006.12.03"]
[Round "4"]
[White "Kasimdzhanov,R"]
[Black "Dao Thien Hai"]
[Result "0-1"]
[WhiteElo "2672"]
[BlackElo "2557"]

1.e4 c5 2.Nf3 Nc6 3.d4 cxd4 4.Nxd4 e6 5.Nc3 a6 6.Be2 d6 7.O-O Nf6 8.Be3 Be7
9.a4 O-O 10.f4 Qc7 11.Kh1 Bd7 12.Nb3 Na5 13.e5 Ne8 14.Nxa5 Qxa5 15.Ne4 Qc7
16.a5 Bc6 17.Bb6 Qb8 18.Qd4 f6 19.exd6 Nxd6 20.Nxd6 Qxd6 21.Qxd6 Bxd6 22.Rad1 Bb8
23.Bc4 Re8 24.f5 Be5 25.Bxe6+ Kh8 26.c3 g6 27.Bd7 Re7 28.Bxc6 bxc6 29.g3 Kg7
30.Kg2 Rb8 31.Rd2 Rbb7 32.fxg6 hxg6 33.Rfd1 g5 34.Kf3 Kg6 35.c4 Rh7 36.Re2 Rh8
37.Rdd2 Kf5 38.Rf2 Kg6 39.b4 Re7 40.Bc5 Rb7 41.Ke4 Rhb8 42.Kd3 Rxb4 43.Bxb4 Rxb4
44.Rc2 Rb3+ 45.Ke4 Ra3 46.Rfd2 Rxa5 47.Rd8 c5 48.Kd5 Kf5 49.Rc8 Bd4 50.h4 Ra3
51.Rg2 Kg4 52.Rg8 Kh3 53.Rb2 Bxb2 54.h5 Kg4 55.h6 f5 56.h7 Rxg3 57.h8=Q Bxh8
58.Rxh8 f4  0-1

[Event "73rd ch-BRA"]
[Site "Guarulhos BRA"]
[Date "2006.12.03"]
[Round "11"]
[White "Van Riemsdijk,H"]
[Black "Leitao,R"]
[Result "1/2-1/2"]
[WhiteElo "2381"]
[BlackElo "2601"]

1.e4 c5 2.Nf3 Nc6 3.d4 cxd4 4.Nxd4 e6 5.Nc3 a6 6.Nxc6 bxc6 7.Bd3 d5 8.O-O Nf6
9.Re1 Be7 10.Bf4 O-O 11.Qf3 Bb7 12.Rad1 g6 13.Na4 Nd7 14.c4 Nb6 15.Nxb6 Qxb6
16.b3 Rfd8 17.Qg3 Rd7 18.Bg5 Bxg5 19.Qxg5 a5 20.h4 Qd8 21.Qxd8+ Rdxd8 22.cxd5 cxd5
23.exd5 Bxd5 24.Be4 a4 25.Bxd5 Rxd5 26.Rxd5  1/2-1/2

[Event "Polyarniy Krug"]
[Site "Salekhard RUS"]
[Date "2006.12.03"]
[Round "5"]
[White "Gajsin,E"]
[Black "Bocharov,D"]
[Result "0-1"]
[WhiteElo "2456"]
[BlackElo "2577"]

1.e4 c5 2.Nf3 Nc6 3.d4 cxd4 4.Nxd4 e6 5.Nc3 Qc7 6.Be3 a6 7.Qd2 b5 8.Nxc6 dxc6
9.O-O-O e5 10.f4 Nf6 11.fxe5 Ng4 12.Bf4 Be6 13.Nd5 cxd5 14.exd5 Rd8 15.d6 Qc5
16.b4 Qc6 17.h3 Nh6 18.Bd3 Nf5 19.g4 Nd4 20.c3 Nf3 21.Qc2 Rc8 22.Rhf1 g5
23.Bg3 Bg7 24.Be4 Qxc3 25.Qxc3 Rxc3+ 26.Kb2 Nd2  0-1

[Event "Polyarniy Krug"]
[Site "Salekhard RUS"]
[Date "2006.12.03"]
[Round "5"]
[White "Matvienko,I"]
[Black "Geller,J"]
[Result "0-1"]
[WhiteElo "2194"]
[BlackElo "2501"]

1.e4 c5 2.Nf3 e6 3.d4 cxd4 4.Nxd4 Nc6 5.Nc3 Qc7 6.Be2 a6 7.O-O Nf6 8.Be3 Be7
9.f4 d6 10.a4 O-O 11.Kh1 Re8 12.Nb3 b6 13.Qe1 Bb7 14.Bf3 Rac8 15.Rd1 Bf8
16.Qf2 Nd7 17.g4 Nb4 18.Rd2 d5 19.Rfd1 Nf6 20.g5 Nxe4 21.Nxe4 dxe4 22.Bg2 Nd5
23.Bxe4 Nc3 24.bxc3 Bxe4+ 25.Kg1 Qxc3 26.Bd4 Qh3 27.c3 Bc2 28.Rxc2 Qg4+  0-1

[Event "Open A"]
[Site "Benidorm ESP"]
[Date "2006.12.04"]
[Round "4"]
[White "Contreras,H"]
[Black "Goormachtigh,J"]
[Result "1/2-1/2"]
[WhiteElo "2293"]
[BlackElo "2235"]

1.e4 c5 2.Nf3 e6 3.d4 cxd4 4.Nxd4 Nc6 5.Nc3 Qc7 6.Ndb5 Qb8 7.a4 Nf6 8.Bd3 Bc5
9.Na3 Ne5 10.h3 O-O 11.O-O d5 12.exd5 exd5 13.Be2 Be6 14.Ncb5 Nc6 15.Be3 Bxe3
16.fxe3 Qe5 17.Rf3 Qxb2 18.c3 Ne4 19.Bd3 Nxc3 20.Qf1 Nxb5 21.Nxb5 Ne5 22.Rf2 Qb3
23.Bc2 Qxe3 24.Re1 Qg5 25.Nc7 Bxh3 26.Nxa8 Rxa8 27.Bf5 Bg4 28.Rxe5 g6 29.Bxg4 Qxe5
30.Rxf7 Qd4+ 31.Qf2 Qxg4 32.Qf6 Qd1+ 33.Kh2 Qh5+ 34.Kg3 Qh6 35.Re7 Rf8 36.Qe6+ Kh8
37.Qe5+ Kg8 38.Qxd5+ Kh8 39.Qe5+ Kg8 40.Rxb7 g5 41.Qd5+ Kh8 42.Qd4+ Kg8 43.Rxa7 Qf6
44.Qxf6 Rxf6 45.Kg4 Rf2 46.g3 Rg2 47.Kf3 Rg1 48.a5 h5 49.Rb7 Ra1 50.Rb5 Ra3+
51.Kg2 g4 52.Rxh5 Ra2+ 53.Kf1 Kg7 54.Rb5 Ra3 55.Kf2 Rf3+ 56.Kg2 Ra3 57.Rb7+ Kg8
58.Ra7 Ra2+ 59.Kf1 Ra3 60.a6 Kf8 61.Ke2 Ke8 62.Kd2 Kd8 63.Ke2 Ke8 64.Kd2  1/2-1/2

[Event "XV Asiad Women's Rapid"]
[Site "Doha QAT"]
[Date "2006.12.04"]
[Round "8"]
[White "Pourkashiyan,A"]
[Black "Mongontuul,B"]
[Result "1-0"]
[WhiteElo "2329"]
[BlackElo "2383"]

1.e4 c5 2.Nf3 e6 3.d4 cxd4 4.Nxd4 Nc6 5.Nc3 d6 6.Be2 Nf6 7.O-O Be7 8.Be3 O-O
9.Kh1 a6 10.f4 Nxd4 11.Bxd4 b5 12.a3 Bb7 13.Bd3 Nd7 14.Qg4 e5 15.Be3 exf4
16.Qxf4 Ne5 17.Rad1 Bf6 18.Be2 Rc8 19.Qg3 Re8 20.Bd4 Qe7 21.Bd3 Rc7 22.Nd5 Bxd5
23.exd5 g6 24.c3 Bg7 25.h3 Rcc8 26.Bb1 Qb7 27.Ba2 f5 28.Rde1 Qf7 29.Rd1 Re7
30.Bb3 Rce8 31.Rde1 Bf6 32.Rd1 Qg7 33.a4 Nf7 34.Bg1 Be5 35.Qd3 Rb8 36.axb5 axb5
37.Ra1 Ng5 38.Ba7 Rbb7 39.Bd4 Ne4 40.Ra8+ Kf7 41.Qxe4 Bxd4 42.Qxd4 Qxd4 43.cxd4 Re3
44.Rf3 Re2 45.Rd8 Rb6 46.Rd7+ Kf6 47.h4 Rxb2 48.Kh2 Ra6 49.Re3 f4 50.Re6+ Kf5
51.Bd1  1-0

[Event "ch-RUS Superfinal"]
[Site "Moscow RUS"]
[Date "2006.12.04"]
[Round "2"]
[White "Inarkiev,E"]
[Black "Vitiugov,N"]
[Result "1-0"]
[WhiteElo "2628"]
[BlackElo "2596"]

1.e4 c5 2.Nf3 e6 3.Nc3 Nc6 4.d4 cxd4 5.Nxd4 Qc7 6.Be3 Nf6 7.f4 Bb4 8.Nb5 Qa5
9.e5 Ne4 10.Qd3 Nxc3 11.bxc3 Be7 12.g3 O-O 13.Bg2 f6 14.exf6 Bxf6 15.O-O d5
16.Rfe1 Bd7 17.Bh3 Rac8 18.Rab1 Ne7 19.Bd2 Qa6 20.Nd4 Bxd4+ 21.cxd4 Rc4 22.Bb4 Rf7
23.Bxe7 Rxe7 24.f5 Qxa2 25.Rxb7 Qa5 26.Qf1 Rf7 27.Qe2 Rxc2 28.fxe6 Rf8 29.Qe3 Bc8
30.e7 Re8 31.Rf1 Qa6 32.Rf8+  1-0

[Event "Polyarniy Krug"]
[Site "Salekhard RUS"]
[Date "2006.12.04"]
[Round "6"]
[White "Zolotukhin,V"]
[Black "Ovod,E"]
[Result "1/2-1/2"]
[WhiteElo "2300"]
[BlackElo "2407"]

1.e4 c5 2.Nf3 e6 3.d4 cxd4 4.Nxd4 Nc6 5.Nc3 Qc7 6.Be2 a6 7.Be3 Nf6 8.O-O Be7
9.f4 d6 10.Qe1 O-O 11.Qg3 Nxd4 12.Bxd4 b5 13.a3 Bb7 14.Kh1 Bc6 15.Rae1 Rae8
16.e5 dxe5 17.fxe5 Ne4 18.Nxe4 Bxe4 19.Bxb5 axb5 20.Rxe4 Qxc2 21.Rg4 g6 22.Rgf4 Bc5
23.Bc3 Rd8 24.Qf3 Qd3 25.Qxd3 Rxd3 26.a4 bxa4 27.Rxa4 Rfd8 28.g3 Bd4 29.Bxd4 R8xd4
30.Rxd4 Rxd4 31.Re1 Rd2 32.b4 Rb2 33.Re4 h5 34.h4 Kg7 35.Kg1 f6 36.exf6+ Kxf6
37.Rf4+ Ke7 38.Re4 Kd6 39.Rf4  1/2-1/2

[Event "Polyarniy Krug"]
[Site "Salekhard RUS"]
[Date "2006.12.04"]
[Round "6"]
[White "Kabanov,N"]
[Black "Yakovich,Yur"]
[Result "0-1"]
[WhiteElo "2521"]
[BlackElo "2576"]

1.e4 c5 2.Nc3 e6 3.Nge2 Nc6 4.d4 cxd4 5.Nxd4 Nf6 6.Be2 Bb4 7.O-O Bxc3 8.bxc3 Nxe4
9.Bf3 d5 10.Bxe4 dxe4 11.Ba3 Nxd4 12.cxd4 Qa5 13.Qc1 Bd7 14.c4 Bc6 15.Bd6 f6
16.Qe3 Kf7 17.f3 Rhd8 18.Bc5 exf3 19.gxf3 b6 20.Ba3 Qf5 21.Rf2 Rac8 22.Rc1 Rd7
23.Rc3 Bb7 24.Rfc2 Rcd8 25.Rd2 h6 26.Bb2 b5 27.cxb5 Qxb5 28.Re2 Qf5 29.Rc5 Bd5
30.Kf2 Rb8 31.Rec2 Rdb7 32.Bc1 Rd7 33.Qf4 Qxf4 34.Bxf4 Rbb7 35.a3 g5 36.Bg3 Kg6
37.R5c3 a5 38.Bc7 Bb3 39.Rc1 Rxd4 40.Bxa5 Rd2+ 41.Kg3 Bd5 42.R1c2 Rxc2 43.Rxc2 Rb3
44.Rc3 Rb2 45.Rc8 f5 46.h4 f4+ 47.Kh3 Rf2 48.hxg5 Kh5  0-1

[Event "Polyarniy Krug"]
[Site "Salekhard RUS"]
[Date "2006.12.04"]
[Round "6"]
[White "Gutenev,A"]
[Black "Obodchuk,A"]
[Result "1-0"]
[WhiteElo "2256"]
[BlackElo "2406"]

1.e4 c5 2.Nf3 e6 3.d4 cxd4 4.Nxd4 Nc6 5.Nc3 Qc7 6.Be2 a6 7.O-O Nf6 8.Be3 Be7
9.f4 d6 10.Qe1 O-O 11.Qg3 Bd7 12.Kh1 Nxd4 13.Bxd4 Bc6 14.Rae1 b5 15.a3 Rad8
16.Bd3 Rd7 17.e5 dxe5 18.Bxe5 Qd8 19.f5 exf5 20.Bxf5 Rd2 21.Ne4 Bxe4 22.Bxe4 g6
23.Bd3 Nh5 24.Qf3 Bh4 25.g3 Bg5 26.Bc3 Qd7 27.Bxd2 Bxd2 28.Rd1  1-0

[Event "Polyarniy Krug"]
[Site "Salekhard RUS"]
[Date "2006.12.06"]
[Round "8"]
[White "Kotsur,P"]
[Black "Geller,J"]
[Result "0-1"]
[WhiteElo "2587"]
[BlackElo "2501"]

1.e4 c5 2.Nf3 e6 3.d4 cxd4 4.Nxd4 Nc6 5.Nc3 Qc7 6.Be3 a6 7.Nb3 Nf6 8.Bd3 Bd6
9.Qf3 Ne5 10.Qe2 b5 11.g3 Bb7 12.f4 Nc4 13.Bxc4 Nxe4 14.Nxb5 axb5 15.Bxb5 Nc3
16.bxc3 Bxh1 17.Bd4 O-O 18.a4 Rfe8 19.O-O-O e5 20.fxe5 Bxe5 21.Qd3 Bc6 22.Rf1 f6
23.c4 Bxd4 24.Qxd4 Re2 25.Rxf6 Re1+ 26.Kd2 Re4 27.Qd6 Qa7 28.Qd3 gxf6 29.Bxc6 Qf2+
30.Kc3 Qe1+ 31.Nd2 Qa1+ 32.Kb4 dxc6 33.Nxe4 Qxa4+ 34.Kc3 Qa5+  0-1